IFM Opac

Does Politics Matter?:The determinants of public policy (Record no. 20847)

MARC details
000 -LEADER
fixed length control field 00343nam a22001337a 4500
020 ## - INTERNATIONAL STANDARD BOOK NUMBER
International Standard Book Number 0198274610
082 ## - DEWEY DECIMAL CLASSIFICATION NUMBER
Classification number 352.00720 SHA
100 ## - MAIN ENTRY--PERSONAL NAME
Personal name Sharpe,L.J
9 (RLIN) 5574
245 ## - TITLE STATEMENT
Title Does Politics Matter?:The determinants of public policy
260 ## - PUBLICATION, DISTRIBUTION, ETC.
Place of publication, distribution, etc. Oxford
Name of publisher, distributor, etc. Oxford University Press
Date of publication, distribution, etc. 1984
300 ## - PHYSICAL DESCRIPTION
Extent 249p.
500 ## - GENERAL NOTE
General note Includes Index
942 ## - ADDED ENTRY ELEMENTS (KOHA)
Koha item type Books
Holdings
Withdrawn status Lost status Damaged status Not for loan Collection code Home library Current library Shelving location Date acquired Source of acquisition Total Checkouts Full call number Barcode Date last seen Price effective from Koha item type
        Non-fiction IFM Main Campus Library IFM Main Campus Library Archival Collection 09/18/2021 Purchase   352.00720 SHA 0000001565 09/18/2021 09/18/2021 Books